| 000 | 00341nam a2200133 a 4500 | ||
|---|---|---|---|
| 005 | 20141022141959.0 | ||
| 008 | 120306s19uu xx 00 eng d | ||
| 050 |
_aCD-ROM _bSm5 2007 |
||
| 100 | _aSmith, Colin | ||
| 245 |
_aHow to wow with flash / _cColin Smith, Brie Gyncild. |
||
| 260 | _c2007. | ||
| 700 | _aBrie, Gyncild | ||
| 942 | _cAVM | ||
| 999 |
_c276124 _d276124 |
||